<?xml version="1.0" encoding="UTF-8"?>
<record
    xmlns:xsi="http://www.w3.org/2001/XMLSchema-instance"
    xsi:schemaLocation="http://www.loc.gov/MARC21/slim http://www.loc.gov/standards/marcxml/schema/MARC21slim.xsd"
    xmlns="http://www.loc.gov/MARC21/slim">

  <leader>00411nam a22001457a 4500</leader>
  <controlfield tag="005">20260107123230.0</controlfield>
  <datafield tag="020" ind1=" " ind2=" ">
    <subfield code="a">978-1-4987-2877-5</subfield>
  </datafield>
  <datafield tag="082" ind1=" " ind2=" ">
    <subfield code="a">623.862AUB/G</subfield>
  </datafield>
  <datafield tag="100" ind1=" " ind2=" ">
    <subfield code="a">Aubeny,Charles</subfield>
    <subfield code="9">7513</subfield>
  </datafield>
  <datafield tag="245" ind1=" " ind2=" ">
    <subfield code="a">Geomechanics of Marine Anchors/</subfield>
    <subfield code="c">by Charles Aubeny</subfield>
  </datafield>
  <datafield tag="260" ind1=" " ind2=" ">
    <subfield code="a">.-Boca Raton,FL</subfield>
    <subfield code="b">:CRC Press</subfield>
    <subfield code="c">,2018</subfield>
  </datafield>
  <datafield tag="300" ind1=" " ind2=" ">
    <subfield code="a">373p.</subfield>
  </datafield>
  <datafield tag="650" ind1=" " ind2=" ">
    <subfield code="a">Offshore Structures,Marine Geotechnics</subfield>
    <subfield code="9">7514</subfield>
  </datafield>
  <datafield tag="942" ind1=" " ind2=" ">
    <subfield code="2">ddc</subfield>
    <subfield code="c">BK</subfield>
  </datafield>
  <datafield tag="999" ind1=" " ind2=" ">
    <subfield code="c">754863</subfield>
    <subfield code="d">754863</subfield>
  </datafield>
  <datafield tag="952" ind1=" " ind2=" ">
    <subfield code="0">0</subfield>
    <subfield code="1">0</subfield>
    <subfield code="2">ddc</subfield>
    <subfield code="4">0</subfield>
    <subfield code="7">0</subfield>
    <subfield code="a">AQU</subfield>
    <subfield code="b">AQU</subfield>
    <subfield code="c">GEN</subfield>
    <subfield code="d">2025-12-11</subfield>
    <subfield code="e">SBST/65</subfield>
    <subfield code="l">0</subfield>
    <subfield code="o">623.862AUB/G</subfield>
    <subfield code="p">AQU6592</subfield>
    <subfield code="r">2026-01-07 06:53:37</subfield>
    <subfield code="w">2026-01-07</subfield>
    <subfield code="y">BK</subfield>
  </datafield>
</record>
